| 000 | 00760nam a2200241 a 4500 | ||
|---|---|---|---|
| 008 | |||
| 020 | _a0521529581 (pbk.) | ||
| 049 | _aMAIN | ||
| 090 | 0 | 0 | _aQE363.2 |
| 100 | 1 | _aWenk, Hans-Rudolf. | |
| 245 | 1 | 0 |
_aMinerals : _btheir constitution and origin / _cHans-Rudolf Wenk and Andrei Bulakh. |
| 260 |
_aCambridge : _bCambridge University Press, _c2004. |
||
| 300 |
_axxii, 646 p., 16 p. of plates : _bill. (some col.), maps ; _c25 cm. |
||
| 504 | _aIncludes bibliographical references. | ||
| 500 | _aIncludes index. | ||
| 650 | 0 | _aMineralogy. | |
| 700 | 1 | _aBulakh, A. G. | |
| 907 |
_a.b10132752 _b17-08-04 _c16-08-04 |
||
| 003 | |||
| 005 | 20230123133808.0 | ||
| 040 | _cNUST | ||
| 942 |
_cBOOKS _kQE363.2 |
||
| 999 |
_c154758 _d154758 |
||